000 00732nam a2200289Ia 4500
005 20260324112059.0
008 008 260324s9999 xx 000 0 eng d
020 _a9781003403326
037 _aEBOOK
040 _aCRL
040 _beng
040 _cCRL
041 _2eng
041 _aeng
084 _qCRL
100 _aSethulego Matebesi; Lochner Marais; Verna Nel
_91141221
245 0 _aLocal Responses to Mine Closure in South Africa
245 0 _bDependencies and Social Disruption
260 _bTaylor and Francis
260 _c2024
365 _a
365 _b230
856 _uhttp://www.taylorfrancis.com/books/9781003403326
942 _cEBOOK
999 _c1730279
_d1730279